000 00373nam a22001697a 4500
005 20160629164421.0
008 160629b xxu||||| |||| 00| 0 eng d
020 _a81-7224-857-1
041 _aeng
082 _b10850
100 _aRye, David E
_93228
245 _a1'001 Ways to Inspire
260 _bJaico
300 _a234
650 _aManagement
_9241
942 _cBK
999 _c4752
_d4750